000 00307nam a2200121Ia 4500
005 20251222144823.0
008 251222s9999||||xx |||||||||||||| ||spa||
082 _a920.985/C29
100 _aVargas Ugarte, Rubén
245 0 _aRamon Castilla
264 _bInstituto Libertador Ramón Castilla
942 _cLIB
999 _c20562
_d20562